| 000 | 00788nam a22002057a 4500 | ||
|---|---|---|---|
| 005 | 20080625100955.0 | ||
| 008 | 080625t xxu||||| |||| 00| 0 hin d | ||
| 010 | _aHIN-46007 | ||
| 020 | _c75.00 | ||
| 035 | _aHN-27335 | ||
| 037 | _bDBAD | ||
| 040 |
_adpl _bHN |
||
| 082 | _aउ / कोहली | ||
| 100 | _aकोहली, नरेन्द्र | ||
| 245 |
_aअभिज्ञान / _cनरेन्द्र कोहली |
||
| 260 |
_aदिल्ली _bराजपाल _c1999 |
||
| 300 |
_a232पृ _c23सेमी. (सजिल्द) |
||
| 942 |
_cHN _2ddc _hउ _mकोहली |
||
| 999 |
_c13977 _d13977 |
||